000 00721nam a22002057a 4500
005 20251108165525.0
008 250721s1990 xx 000 0 ara d
082 1 4 _aم/219.9/صاغ
100 1 _aالصاغاني، رضي الدين أبو الفضائل حسن
245 1 0 _aنقعة الصديان :
_bفيمن في صحبتهم نظر من الصحابة و غير ذلك /
264 1 _aبيروت :
_bدار الكتب العلمية،
_c1990.
300 _a224ص
650 1 7 _aالصحابة و التابعون
650 1 7 _aآل البيت
650 1 7 _aالإسلام
650 1 7 _aالسيرة النبوية
700 1 _aحسن، سيد كروي
_eتحقيق
942 _2ddc
_cREF
999 _c29920
_d29920